| 000 | 00404nam a2200181 4500 | ||
|---|---|---|---|
| 003 | . | ||
| 005 | 20260402094100.0 | ||
| 008 | . | ||
| 020 | _a9781266874741 | ||
| 040 | _c. | ||
| 082 | _a658 B328 2024 | ||
| 100 | _aBateman ,Robert | ||
| 245 |
_aM : _bmanagement / _cRobert Bateman |
||
| 250 | _aRelease 2024 | ||
| 260 | _bNew York; McGraw-Hill, 2024 | ||
| 300 |
_a364 p _c29 cm |
||
| 942 |
_2ddc _cBK-EN _n0 |
||
| 999 |
_c7849 _d7849 |
||